[Event "V Copa Marcel Duchamp 2022"]
[Site "Montevideo"]
[Date "2022.02.14"]
[Round "4.4"]
[White "Morovic Fernandez, Ivan"]
[Black "Miranda, Rafael"]
[Result "1-0"]
[WhiteElo "2498"]
[BlackElo "2264"]
[Annotator "TA"]
[PlyCount "61"]
[EventDate "2022.02.12"]
[EventCountry "URU"]
[SourceTitle "playchess.com"]
[Source "ChessBase"]
[SourceQuality "1"]

{[%evp 16,61,25,16,36,45,43,35,67,38,52,43,64,35,74,42,61,0,58,28,20,28,22,11,0,0,47,46,47,48,157,161,158,154,160,157,281,288,285,279,283,291,277,268,659,650,752,698]} 1. e4 c5 2. Nf3 {[%cal Bg1f3,Bf3d4,Bd4e2,Be2c3][%mdl 32]} d6 3. d4 cxd4 4. Nxd4 Nf6 5. Nc3 a6 6. g3 e5 7. Nde2 Be7 8. Bg2 Nbd7 9. a4 $1 {9.a4 is better than 9.0-0.} b6 {B91: Sicilian Najdorf: 6 g3.} 10. Nd5 Nxd5 11. Qxd5 Ra7 {White is slightly better.} 12. Nc3 {White is more active.} Bb7 {[#]} 13. Qd3 $146 ({Predecessor:} 13. Qd1 O-O 14. O-O f5 15. exf5 Bxg2 16. Kxg2 Rxf5 17. Be3 Ra8 18. Nd5 Rf7 19. Ra3 {½-½ (69) Thilakarathne,G (2417)-Rahman,S (2202) Dhaka 2019}) 13... Nc5 14. Qe2 f5 15. Be3 O-O $1 ({Don't play} 15... fxe4 16. a5 $16) (15... Nxe4 16. Nxe4 fxe4 17. a5 $16) 16. a5 ({Better is} 16. O-O-O $14) 16... Ra8 (16... f4 $11 17. gxf4 exf4) 17. Bxc5 bxc5 18. O-O {[%cal Bh1f1,Bf1d1,Bd1d5][%mdl 32]} f4 $1 19. Rfd1 Rb8 20. b3 Qc7 (20... Qe8 $11 {is more appropriate.}) 21. Nd5 $14 Bxd5 22. Rxd5 f3 (22... Rb5 $14) 23. Bxf3 $16 Rb5 {[#]} 24. Qc4 $1 {[%csl LRc5,LRd6,LRe5]} Kh8 25. Qc3 c4 (25... Qa7 $16 {keeps fighting.} 26. Bg4 h6) 26. Rxb5 $18 ({Weaker is} 26. bxc4 Rxd5 27. exd5 Qc5 $16) 26... axb5 27. a6 {[%cal Ba5a6,Ba6a7][%mdl 32] a7 is the strong threat.} d5 28. a7 ({Resist} 28. exd5 Bc5 $18) 28... Ra8 29. Qa5 Qd7 {[#]} (29... Qb7 30. exd5 Bc5 31. bxc4 Qxa7) 30. Qb6 Bd6 31. Ra6 {Weighted Error Value: White=0.09 (flawless) /Black=0.36} 1-0

[Event "V Copa Marcel Duchamp 2022"]
[Site "Montevideo"]
[Date "2022.02.14"]
[Round "4.5"]
[White "Vitoux, Colomban"]
[Black "Perdomo, Leandro"]
[Result "0-1"]
[WhiteElo "2372"]
[BlackElo "2447"]
[Annotator "TA"]
[PlyCount "90"]
[EventDate "2022.02.12"]
[EventCountry "URU"]
[SourceTitle "playchess.com"]
[Source "ChessBase"]
[SourceQuality "1"]

{[%evp 19,89,0,10,0,6,0,10,-24,-5,-51,29,13,20,28,14,27,43,27,75,37,37,37,37,37,37,37,37,37,37,37,37,37,37,18,33,0,0,0,0,0,87,0,0,0,0,0,0,0,0,0,0,0,0,0,0,-12831,-12831,-12832,-12832,-12840,-12840,-12841,-12840,-29988,-29989,-29990,-29991,-29992,-29993,-29993,-29994,-29999]} 1. c4 g6 2. Nc3 Bg7 3. g3 e5 4. Bg2 Nc6 5. e3 Nge7 6. Nge2 O-O 7. O-O d6 8. d3 Bg4 9. h3 Be6 10. Nd5 Qd7 11. Kh2 {A25: English Opening vs King's Indian with ...Nc6 but without early d3.} Rab8 12. Rb1 f5 13. f4 {The position is equal.} b5 14. b3 {[#]} (14. Bd2 $11) 14... Bf7 $146 ({Black should try} 14... bxc4 $15 15. dxc4 e4) ({Predecessor:} 14... bxc4 15. dxc4 e4 16. Bb2 Bxb2 17. Rxb2 Bxd5 18. cxd5 Nb4 19. Rd2 Qb5 20. Nc3 Qc5 21. Na4 Qa5 22. Nc3 Qc5 23. Na4 Qa5 24. Nc3 {½-½ (24) Schelle,A (2146)-Tramalloni,L (1987) Bassano del Grappa 2020}) 15. Bb2 Nxd5 16. cxd5 Ne7 17. e4 c6 18. dxc6 Nxc6 (18... Qxc6 $11 19. Rc1 Qd7) 19. d4 exf4 $1 20. Nxf4 {aiming for exf5.} fxe4 21. d5 Ne5 22. Bxe4 Kh8 23. Qd2 b4 24. Rf2 a5 25. Rbf1 Qe7 26. Nd3 (26. Bd4 {feels hotter.} Bg8 27. Bg2 Qd7 28. Kh1 Rbe8 29. Qe2) 26... Nxd3 27. Bxd3 (27. Bxg7+ {looks sharper.} Kxg7 28. Qxd3 Rbe8 29. Bg2 g5 30. Qb5) 27... Bxd5 28. Bxg6 Rxf2+ 29. Rxf2 {And now Re2 would win.} Rf8 {[#]} 30. Rxf8+ (30. Re2 $1 $16 Qa7 (30... Be6 31. Bxg7+) 31. Bxg7+ (31. Qxd5 Rf2+ 32. Rxf2 Qxf2+ 33. Qg2 Qxg2+ 34. Kxg2 Bxb2 $11) 31... Qxg7 32. Qxd5 Qxg6 33. Qxa5) 30... Qxf8 $11 31. Bxg7+ Kxg7 32. Qxd5 Qf2+ 33. Qg2 Qxg2+ 34. Kxg2 Kxg6 {[%mdl 4096] Endgame KP-KP} 35. Kf3 Kf5 36. Ke3 {Hoping for Kd4.} Ke5 {White must now prevent ...d5.} 37. Kd3 $2 {[%mdl 8192]} (37. g4 $11) 37... d5 $19 {[%cal Bd6d5,Bd5d4][%mdl 32]} 38. Ke3 {[#]} d4+ $1 39. Kd3 {[#]} Kd5 $1 40. h4 h5 41. g4 hxg4 {Black mates.} 42. h5 g3 43. h6 g2 44. h7 g1=Q {[%cal Rg1d1]} 45. h8=Q Qd1# {Weighted Error Value: White=0.50/Black=0.11 (very precise)} 0-1

[Event "V Copa Marcel Duchamp 2022"]
[Site "Montevideo"]
[Date "2022.02.14"]
[Round "4.6"]
[White "Tristan, Leonardo"]
[Black "Sanhueza, Cristian"]
[Result "1/2-1/2"]
[WhiteElo "2561"]
[BlackElo "2242"]
[Annotator "TA"]
[PlyCount "29"]
[EventDate "2022.02.12"]
[EventCountry "URU"]
[SourceTitle "playchess.com"]
[Source "ChessBase"]
[SourceQuality "1"]

{[%evp 14,29,28,17,16,31,29,14,16,32,31,27,14,-12,0,-8,49,14]} 1. d4 Nf6 2. Bg5 Ne4 3. Bf4 c5 4. f3 Qa5+ 5. c3 Nf6 6. d5 e6 7. e4 exd5 8. exd5 {Black must now prevent d6.} d6 $1 {A45: Trompowsky Attack.} 9. Qd2 Be7 10. c4 (10. Ne2 {seems wilder.} O-O 11. Ng3 b5 12. c4 Qb4 13. Na3) 10... Qxd2+ {The position is equal.} 11. Nxd2 Nh5 12. Be3 f5 {Prevents g4.} 13. Bd3 O-O {[#]} 14. O-O-O $146 ({Predecessor:} 14. Ne2 Re8 15. O-O-O Na6 16. a3 Bd7 17. g3 Bf6 18. Bf2 Nc7 19. Rhe1 g6 20. h3 {½-½ (46) Skytte,R (2372)-Kotronias,V (2505) Aarhus 2018}) 14... Na6 (14... Nd7 $11) 15. Re1 {Weighted Error Value: White=0.06 (flawless) /Black=0.10 (very precise)} 1/2-1/2

[Event "V Copa Marcel Duchamp 2022"]
[Site "Montevideo"]
[Date "2022.02.14"]
[Round "4.7"]
[White "Menna Barreto, Felipe Kubiaki"]
[Black "Perez Ponsa, Federico"]
[Result "1/2-1/2"]
[WhiteElo "2351"]
[BlackElo "2553"]
[Annotator "TA"]
[PlyCount "111"]
[EventDate "2022.02.12"]
[EventCountry "URU"]
[SourceTitle "playchess.com"]
[Source "ChessBase"]
[SourceQuality "1"]

{[%evp 11,111,35,38,25,33,25,25,34,33,29,25,27,53,48,52,49,45,38,56,45,63,61,83,43,60,41,48,24,55,20,20,0,5,0,0,0,0,-42,-31,-47,-24,-33,-38,-35,-29,-89,-35,-41,-25,-16,-18,-84,-87,-96,-88,-106,-82,-102,-63,-115,-58,-82,-81,-90,-83,-105,-81,-87,-89,-243,-263,-247,-209,-246,-211,-252,-93,-105,-101,-137,-170,-185,-108,-283,-275,-272,-30,-29,17,8,20,33,389,35,687,327,364,359,485,0,0,0]} 1. d4 Nf6 2. c4 g6 3. Nc3 Bg7 4. e4 d6 5. Bd3 O-O 6. Nge2 Nc6 7. Bg5 {E70: King's Indian: Miscellaneous lines with 4 e4, including 5 Nge2 and 5 Bd3 0-0 6 Nge2.} h6 8. Bd2 Nd7 9. Be3 {White has an edge.} e5 {[%cal Re5d4]} 10. d5 Nd4 11. Qd2 {[#]} Kh7 $146 ({Predecessor:} 11... Qh4 12. O-O c5 13. dxc6 bxc6 14. Bc2 c5 15. Rad1 a5 16. Nb5 Rd8 17. Nec3 Nb6 {½-½ (50) Zeghachov,D (2100)-Sutovs,A (2163) ICCF email 2017}) 12. O-O c5 13. f3 a6 14. Rab1 Rb8 15. a3 {[%cal Ba2a3,Ba3a4][%mdl 32]} Nf6 16. b4 Bd7 17. Rb2 Qc7 18. Rfb1 b6 19. a4 {[%cal Oa4a5]} Rfc8 20. Bf2 (20. b5 $5 {[%cal Rb5a6]}) 20... Nh5 (20... cxb4 21. Rxb4 Be8 22. Nxd4 exd4 23. Bxd4 $16) 21. bxc5 bxc5 22. a5 Rxb2 23. Qxb2 Qxa5 24. Nxd4 (24. Qb6 $11 Nxe2+ 25. Nxe2) 24... cxd4 $15 25. Ne2 Qc7 26. Qb6 a5 27. Qa6 Qc5 (27... Rb8 {looks sharper.} 28. Rxb8 Qxb8 29. Qxa5 Qb3 30. Qd2 Qa3) 28. Qb6 (28. Be1 $11) 28... a4 (28... Qxb6 $1 $17 29. Rxb6 Bf8) 29. Qxc5 dxc5 30. Rb7 Be8 31. g3 (31. Ra7 $11 {keeps the balance.}) 31... Ra8 $17 32. Nc1 Nf6 33. Bb1 Nd7 34. Nd3 Kg8 35. Be1 (35. g4 $15) 35... Bf8 ({Black should play} 35... f5 $17 36. Rc7 Bf8) 36. Bd2 f5 37. Bc1 fxe4 38. fxe4 a3 39. Ba2 g5 40. Rb3 $2 (40. Nf2 $17) 40... Bg6 $19 41. Nf2 Nf6 42. Rb6 Bg7 43. Rc6 {[#]} Kh7 $2 (43... Nxe4 $1 $19 {has better winning chances.} 44. Nxe4 (44. Rxg6 $2 Nc3 $19) 44... Bxe4 45. Rxc5 Bf8) 44. Rxc5 $17 Nxe4 45. Nxe4 Bxe4 46. Rc7 Kg6 47. d6 $2 (47. c5 $17 {was the only defense.}) 47... Bf6 $19 48. d7 d3 $2 (48... Kf5 $19 {...Ke6 is the strong threat.} 49. Rc8 Ke6 50. Rxa8 Bxa8 51. Bxa3 Kxd7) 49. c5 $1 $11 Rd8 (49... Bd8 $142 50. Rc8 Bb7 51. Rxa8 Bxa8) 50. Kf2 {[%mdl 1024] next g4 is good for White. White has compensation.} g4 51. c6 Bf5 {[%mdl 8192] Prevents Be6.} (51... Bxc6 $1 $14 52. Rxc6 Rxd7) 52. Rb7 $2 (52. Ra7 $18 {Hoping for c7.} e4 53. Ke1 (53. Rxa3 Bxd7 54. cxd7 Rxd7 $16)) 52... Rf8 $2 {[%mdl 8192]} (52... Be4 $14 53. Rb6 Bxc6 54. Rxc6 Rxd7) 53. Ke1 (53. Bxa3 $142 d2 54. Ke2) 53... e4 (53... Be4 $2 54. Rb8 $3 {[%mdl 512]} Bxc6 55. Rxf8 $18) 54. Rb5 {[%cal Ob5f5] And now Rxf5! would win.} ({Avoid the trap} 54. Bxa3 $2 Bc3+ 55. Kf2 Bd4+ 56. Kf1 {[#]} (56. Ke1 $2 e3 $19) 56... e3 $1 $19 {[%mdl 512]}) 54... Bd8 55. Bxa3 $2 ({Better is} 55. Bf4 $18) 55... Rf6 {aiming for ...e3.} 56. Rb8 {Weighted Error Value: White=0.41/Black=0.47} 1/2-1/2

[Event "V Copa Marcel Duchamp 2022"]
[Site "Montevideo"]
[Date "2022.02.14"]
[Round "4.8"]
[White "Spata, German"]
[Black "Santiago, Yago De Moura"]
[Result "1/2-1/2"]
[WhiteElo "2300"]
[BlackElo "2494"]
[Annotator "TA"]
[PlyCount "89"]
[EventDate "2022.02.12"]
[EventCountry "URU"]
[SourceTitle "playchess.com"]
[Source "ChessBase"]
[SourceQuality "1"]

{[%evp 19,89,14,25,21,24,0,0,14,5,0,0,-18,-11,-11,-14,-14,-15,-6,-8,-15,-12,-16,-8,-10,-5,-10,-5,-4,0,-28,-19,-27,0,0,0,0,7,3,15,9,6,8,10,6,9,8,14,0,0,0,0,0,0,0,0,-412,-405,-456,0,0,0,0,0,0,0,0,0,0,0,0,0,0]} 1. d4 Nf6 2. c4 g6 3. Nc3 d5 4. Nf3 Bg7 5. Qb3 dxc4 6. Qxc4 O-O 7. e4 a6 8. Be2 b5 9. Qb3 c5 10. dxc5 Be6 $1 {10...Be6 is better than 10...Bb7.} 11. Qc2 {D97: Grünfeld: Russian System: 7 e4, replies other than 7...Bg4.} Nbd7 12. Be3 Rc8 $1 13. Rd1 {And now Ng5 would win.} b4 14. Na4 Qa5 15. b3 {Ng5 is the strong threat.} (15. O-O $5 {[%cal Rf3g5]} Nxe4 16. Qxe4 Qxa4 17. Ng5 $11) 15... Ng4 16. Bd4 Bxd4 17. Nxd4 Nxc5 18. Nxc5 Rxc5 19. Qd2 Bc8 {[#]} 20. Nf5 $146 ({Predecessor:} 20. O-O Qc7 21. Bxg4 Bxg4 22. f3 e5 23. fxg4 exd4 24. Qxd4 Rc2 25. Rd2 a5 26. h3 Rxd2 27. Qxd2 {1-0 (52) Latzke,B (2257)-Smolny,F (2156) Stuttgart 2015}) 20... Bxf5 21. exf5 Nf6 {[%cal Bg4f6,Bf6e4,Be4c3][%mdl 32]} 22. fxg6 hxg6 23. O-O Ne4 24. Qf4 Nc3 25. Rd2 Qb6 26. Bc4 a5 27. Qe3 Qc7 28. Re1 Rh5 29. h3 e6 30. a3 Rc5 31. axb4 axb4 32. Rd4 Rh5 {Inhibits Rh4.} 33. Rg4 Kg7 34. Ra1 Rd8 35. Rd4 Re5 36. Qd2 Ne4 37. Qd3 {[%mdl 8192] [#]} (37. Qb2 $11 {and White is okay.} Nc3 38. Qd2) 37... Nxf2 $1 $19 {[%mdl 512]} 38. Kxf2 {[#]} (38. Rxd8 Nxd3) 38... Qc5 $2 (38... Rf5+ $1 $19 39. Qxf5 (39. Kg1 $2 Qc5 $19) 39... gxf5 40. Rxd8 Qxd8) 39. Rd1 $11 {Threatens to win with Kg3. The position is equal.} Rf5+ 40. Ke2 $1 {[%cal Od3f5]} (40. Kg1 $2 Rf4 41. Qb1 Rfxd4 $19) 40... Re5+ 41. Kf1 Rf5+ $1 42. Ke2 $1 {[%cal Od3f5] Hoping for Qxf5!} ({Not} 42. Kg1 $2 Rf4 43. Qb1 Rfxd4 $19) 42... Re5+ 43. Kf1 Rf5+ $1 44. Ke2 $1 {[%cal Od3f5] Black must now prevent Qxf5!} ({Avoid the trap} 44. Kg1 $2 Rf4 45. Qb1 Rfxd4 $19) 44... Re5+ 45. Kf1 {Weighted Error Value: White=0.23 (precise) /Black=0.12 (very precise)} 1/2-1/2

[Event "V Copa Marcel Duchamp 2022"]
[Site "Montevideo"]
[Date "2022.02.14"]
[Round "4.9"]
[White "Diaz Hollemaert, Nahuel"]
[Black "Lujan, Carolina"]
[Result "1/2-1/2"]
[WhiteElo "2439"]
[BlackElo "2334"]
[Annotator "TA"]
[PlyCount "32"]
[EventDate "2022.02.12"]
[EventCountry "URU"]
[SourceTitle "playchess.com"]
[Source "ChessBase"]
[SourceQuality "1"]

{[%evp 14,32,-1,-6,0,-11,-11,-18,-14,-23,-7,-78,-64,-71,-68,-81,-46,-76,-76,-75,-26]} 1. Nf3 c5 2. c4 g6 3. Nc3 Bg7 4. g3 Nc6 5. Bg2 e6 6. O-O Nge7 {[%cal Bg8e7,Be7d5,Bd5b4,Bb4d3][%mdl 32]} 7. b3 O-O 8. Bb2 b6 {A37: Symmetrical English vs ...g6: 4 Bg2 Bg7 5 Nf3.} 9. e3 d5 10. cxd5 Nxd5 {[#] The position is equal.} 11. Qb1 $146 ({Predecessor:} 11. a3 Ba6 12. Re1 Bd3 13. Bf1 Nde7 14. Rc1 Rc8 15. Bxd3 Qxd3 16. Qc2 Rfd8 17. Qxd3 Rxd3 {0-1 (47) Kassebaum,R (2292)-Greenfeld,A (2535) Lingen 2015}) 11... Ndb4 12. a3 (12. d4 $1 $11) 12... Nd3 $17 13. Ne1 Nxb2 14. Qxb2 Qd7 15. b4 {[#] And now b5 would win.} Rb8 16. Rb1 c4 {Weighted Error Value: White=0.16 (very precise) /Black=0.11 (very precise)} ({Black should play} 16... Rd8 $17) 1/2-1/2

[Event "V Copa Marcel Duchamp 2022"]
[Site "Montevideo"]
[Date "2022.02.14"]
[Round "4.10"]
[White "Michailov, Matias"]
[Black "Labollita, Martin"]
[Result "1-0"]
[WhiteElo "2248"]
[BlackElo "2388"]
[Annotator "TA"]
[PlyCount "61"]
[EventDate "2022.02.12"]
[EventCountry "URU"]
[SourceTitle "playchess.com"]
[Source "ChessBase"]
[SourceQuality "1"]

{[%evp 9,61,24,25,10,27,-4,0,0,1,6,15,18,20,13,13,13,12,12,13,0,22,19,31,17,60,53,48,17,10,10,66,50,54,41,56,56,128,60,68,80,79,73,172,172,165,154,169,170,169,163,150,164,171,166]} 1. d4 d5 2. c4 e6 3. Nf3 a6 4. g3 dxc4 5. Bg2 Nc6 6. O-O {D30: Queen's Gambit Declined: Systems without Nc3.} Rb8 7. Bg5 {[#]} (7. e3 {looks sharper.} b5 8. b3 cxb3 9. Nfd2 Bb7 10. Nxb3 Nf6 11. Bb2) 7... Be7 $146 ({Predecessor:} 7... Nf6 8. Nbd2 Nxd4 9. Nxc4 Nxf3+ 10. Bxf3 Bd6 11. Qd4 e5 12. Nxe5 O-O 13. Rfd1 h6 {½-½ (31) Protassov,V (1982)-Shishkov,A (2405) Viljandi 2021}) 8. Bxe7 {The position is equal.} Ngxe7 9. e3 b5 10. b3 cxb3 11. axb3 O-O 12. Nc3 {[%cal Bb1c3,Bc3e4,Be4c5][%mdl 1056] White has compensation.} Rb6 13. Ne4 f6 14. Qe2 Qe8 15. Rfc1 Qg6 16. Nc5 e5 (16... Rd8 $11) 17. dxe5 $1 $14 fxe5 18. Nd2 (18. Qb2 $5 {[%cal Rf3e5]}) 18... Bg4 19. Qe1 Nd8 (19... Nb4 $11) 20. h3 Bc8 21. Nde4 Nf7 22. Rd1 Rd6 {Prevents Nd7.} 23. Qa5 (23. Nxd6 $16 cxd6 24. Nxa6) 23... Rxd1+ 24. Rxd1 Qb6 25. Qc3 {White is much more active.} b4 (25... c6 $16) 26. Qc4 $18 {White is clearly better.} Qb5 {[#] Inhibits Nd7.} 27. Bf1 {[%cal Bg2f1,Bf1c4,Bc4e6][%mdl 32]} h6 {[#] Inhibits Ng5.} 28. Ne6 $1 {[%cal Oe4f6] Hoping for Nf6+!} ({But not} 28. Nxa6 $6 Qxc4 29. Bxc4 Bxh3 $16) 28... Qxc4 29. Bxc4 Bxe6 30. Bxe6 {Strongly threatening Rd7.} Re8 31. Rd7 {Weighted Error Value: White=0.08 (flawless) /Black=0.16 (very precise)} 1-0

[Event "V Copa Marcel Duchamp 2022"]
[Site "Montevideo"]
[Date "2022.02.14"]
[Round "4.11"]
[White "Curi, Gabriel"]
[Black "Coro, Lucas"]
[Result "0-1"]
[WhiteElo "2205"]
[BlackElo "2355"]
[Annotator "TA"]
[PlyCount "88"]
[EventDate "2022.02.12"]
[EventCountry "URU"]
[SourceTitle "playchess.com"]
[Source "ChessBase"]
[SourceQuality "1"]

{[%evp 11,88,0,14,1,14,15,18,0,14,24,26,13,7,-24,16,-17,0,-14,0,-5,0,-13,4,-21,-22,-20,-27,-51,-42,-72,-69,-99,-95,-206,-150,-185,-175,-225,-212,-217,-162,-176,-170,-152,-157,-161,-147,-161,-149,-202,-190,-189,-200,-206,-148,-187,-187,-176,-151,-211,-129,-135,-133,-167,-137,-165,-84,-356,-310,-747,-722,-617,-491,-29985,-29986,-29986,-29987,-29984,-29974]} 1. d4 Nf6 2. c4 e6 3. Nc3 Bb4 4. Qb3 c5 5. dxc5 Bxc5 6. Nf3 O-O 7. Bg5 {E22: Nimzo-Indian: 4 Qb3.} b6 8. e3 Bb7 9. Be2 {The position is equal.} Be7 10. O-O d6 11. Rad1 Nbd7 {[%cal Bb8d7,Bd7f8,Bf8g6][%mdl 32] [#]} 12. Rd2 $146 ({Predecessor:} 12. Qc2 Qc7 13. Bh4 Rac8 14. a3 Rfd8 15. Bg3 Qb8 16. Nd2 Qa8 17. e4 Nc5 18. Bh4 {½-½ (30) Caron,S (2433)-Perez Lopez,A (2431) ICCF email 2018}) 12... a6 13. Rfd1 Qc7 14. Qc2 Rad8 15. Rd4 Rfe8 16. Bh4 Nf8 17. R4d2 Ng6 18. Bg3 Nh5 19. Ne4 {[%cal Rg3d6]} Nxg3 20. hxg3 b5 21. Rc1 bxc4 22. Neg5 (22. Nc3 $17 {might work better.}) 22... Qa5 23. Nh3 Rc8 ({Worse is} 23... Qxa2 24. Qxc4 Qxc4 25. Rxc4) 24. a3 (24. Nf4 $142) 24... Rc7 $19 25. Qc3 Qb6 26. b3 d5 {[%cal Bd6d5,Bd5c4][%mdl 32]} 27. bxc4 dxc4 28. Rb2 Qd6 29. Rb4 Bf6 30. Nd4 (30. Qc2 $17) 30... Bd5 31. Nf4 Nxf4 32. gxf4 Rec8 33. Rcb1 e5 34. fxe5 Qxe5 35. Bf1 (35. Bg4 $17) 35... Be7 36. Rb6 {[%cal Od4b5]} Be4 {A strong pair of Bishops.} ({Inferior is} 36... Bd6 37. f4 Qf6 38. Rd1 $17) 37. R1b2 Bd3 $40 {[%mdl 128] Black has strong attack.} 38. Rxa6 Qh5 (38... Bxf1 $19 39. Ra5 {[#]} Bc5 $1 40. Kxf1 Qh5) 39. f3 $2 {[%mdl 8192] Loses the game.} (39. Be2 $17 {was the only defense.} Bxe2 40. Rxe2) 39... Bxf1 40. Kxf1 (40. Ra5 Qh4 41. Kxf1) 40... Qh1+ 41. Kf2 Bh4+ 42. Ke2 {[#]} (42. g3 $19 Qh2+ 43. Kf1 Qxg3 44. Rab6) 42... Qxg2+ {Black mates.} 43. Kd1 Qf1+ 44. Kc2 Be1 {Weighted Error Value: White=0.55/Black=0.16 (very precise)} 0-1

[Event "V Copa Marcel Duchamp 2022"]
[Site "Montevideo"]
[Date "2022.02.14"]
[Round "4.12"]
[White "Ricardi, Pablo"]
[Black "Nejanky, Maisa"]
[Result "1/2-1/2"]
[WhiteElo "2464"]
[BlackElo "1948"]
[Annotator "TA"]
[PlyCount "84"]
[EventDate "2022.02.12"]
[EventCountry "URU"]
[SourceTitle "playchess.com"]
[Source "ChessBase"]
[SourceQuality "1"]

{[%evp 24,84,0,0,0,-12,-15,0,0,-35,-21,-21,-18,-20,0,-4,0,-7,0,0,0,-8,0,-14,-16,-50,-19,-60,-38,-36,-39,-31,-39,-39,-10,-59,-56,-69,-64,-72,-14,-110,-111,-116,-103,-105,-5,-15,0,-78,0,-77,0,-116,0,-79,0,0,0,-102,-11,-65,0]} 1. e4 c5 2. Nf3 d6 3. Bb5+ Nd7 4. O-O a6 5. Bxd7+ Bxd7 {[%cal Bc8d7,Bd7c6,Bc6e4][%mdl 32]} 6. Re1 Nf6 7. c3 Bc6 8. d4 Bxe4 9. Bg5 Bd5 10. Nbd2 e6 11. c4 Bxf3 12. Qxf3 cxd4 13. Qxb7 (13. Bxf6 gxf6 14. Qxb7 Bg7 15. Qc6+ Ke7 16. Nb3 f5 17. Rad1 Rc8 18. Qxa6 Ra8 19. Qb5 Qb8 20. Qxf5 Rxa2 21. Nxd4 Bxd4 22. Rxd4 Qxb2 23. Rf4 Re8 24. Qxf7+ {1-0 (34) Ricardi,P (2485)-Nejanky,M (2000) Buenos Aires 2019}) 13... Qc8 {Inhibits Qc6+. B51: Sicilian: Moscow Variation (3 Bb5+) without 3...Bd7.} 14. Qf3 Be7 15. Nb3 $1 h6 {The position is equal.} 16. Bh4 O-O 17. Rac1 Rb8 {[#]} 18. Qe2 $146 ({Predecessor:} 18. Rc2 Qb7 19. Qxb7 Rxb7 20. Nxd4 g5 21. Bg3 Rc8 22. b3 d5 23. cxd5 Rxc2 24. Nxc2 Nxd5 {0-1 (72) Muzychuk,M (2529)-Ju,W (2568) Beijing 2014}) 18... Qd7 19. Nxd4 Rfc8 20. b3 d5 21. cxd5 Nxd5 22. Bxe7 Nxe7 23. Rcd1 {[%cal Od4f5]} Nd5 {Strongly threatening ...Nc3.} 24. Qg4 Rb4 {Threatens to win with ...Nf6.} 25. a3 (25. Rd3 $11 {is more appropriate.}) 25... Rb6 {[%cal Bb4b6,Bb6d6,Bd6d1][%mdl 32]} 26. h3 Rd6 {aiming for ...Nf6.} 27. Nf3 $1 Rc3 28. Ne5 Qb7 29. b4 {[#]} (29. Rc1 $11) 29... Nf6 $1 $15 30. Qe2 Rxd1 31. Rxd1 Nd5 (31... Qc7 $1 $17) 32. Rd3 (32. Ng6 $1 $11) 32... Rc1+ $1 $17 (32... Nf4 $6 33. Qf3 Rc1+ 34. Kh2 $11) 33. Kh2 Qc7 (33... Nf4 $6 34. Rd8+ (34. Qf3 Nd5 $11) 34... Kh7 35. Qf3 Qxf3 36. Nxf3 $11) 34. g3 {Inhibits Nf4.} Rc2 (34... Rb1 $1 $17 {...Qc1 is the strong threat.} 35. h4 Qc1) 35. Qe1 $11 Rc1 36. Qe4 {[#]} (36. Qe2 $11) 36... f5 (36... Qc2 $1 $17 {[%cal Rc2f2]} 37. Qf3 f6 38. Rxd5 exd5) 37. Qd4 (37. Qe2 $1 $11) 37... Rc2 (37... Qc2 $17 {And now ...Qe2 would win.} 38. Rd2 (38. Qa7 $2 Kh7 $19) 38... Qb1) 38. Kg1 (38. Ng6 $11) 38... Rc1+ ({Better is} 38... Re2 $17 39. Nf3 Qc1+ 40. Rd1 Qxa3) 39. Kg2 (39. Kh2 $11 {remains equal.}) 39... Qb7 (39... Kh7 $17) 40. Nf3 Qc6 41. Rd1 {[#]} (41. Qe5 $11 {keeps the balance.}) 41... Rc2 (41... Rc4 $1 $17 {[%cal Rc4d4]} 42. Qe5 Rc3 43. Rxd5 (43. Qb8+ $2 Kh7 $19) 43... exd5) 42. Rd2 ({White should try} 42. Kg1 $1 $11) 42... Rc1 {Weighted Error Value: White=0.35/Black=0.29 (precise)} (42... Rc4 $1 $15 43. Qe5 (43. Qa7 $2 Rc3 $19) 43... Rc3) 1/2-1/2